000 00763nam a2200253Ia 4500
003 OSt
005 20220918202524.0
006 a|||||r|||| 00| 0
007 ta
008 220917b |||||||| |||| 00| 0 eng d
024 _a101,877
037 _cTextual
040 _aARTS
_cARTS
_beng
041 _2eng
_aeng
082 _aV245,8:47.N, M5
100 _aBasu Ashok Ranjan
_9104174
245 0 _aTribal development programme and administration in India with special reference to Himachal Pradesh
260 _aNew Delhi
_bNational Book Organisation
_c1985
300 _axiii, 322p.
_ccm.
500 _aBibliography p301--16
650 _aHISTORY
942 _hV245,8:47.N, M5
_cTEXL
_2CC
999 _c225337
_d225337